000 00270nam a2200121 a 4500
001 4140
005 20140414131957.0
008 090218s19uu xx 00 eng d
050 _aTR 538.4
_bSc7 2003
100 _aSchreiber, Anne
245 _aMagnets.
999 _c112954
_d112954